000 00213nam a2200097Ia 4500
008 120527s9999 xx 000 0 und d
100 _aPOWER,Dale.
245 _aCarving cheetahs.
260 _bShiffer
942 _cBK
999 _c24080
_d24080